<?xml version="1.0" encoding="UTF-8"?>
<marc:record xmlns:marc="http://www.loc.gov/MARC21/slim">
   <marc:leader>00000nam a2200000 a 4500</marc:leader>
   <marc:datafield ind1=" " ind2=" " tag="653">
      <marc:subfield code="a">Tod</marc:subfield>
   </marc:datafield>
   <marc:datafield ind1=" " ind2=" " tag="653">
      <marc:subfield code="a">Heilpädagogik</marc:subfield>
   </marc:datafield>
   <marc:datafield ind1=" " ind2=" " tag="653">
      <marc:subfield code="a">Stille</marc:subfield>
   </marc:datafield>
   <marc:datafield ind1=" " ind2=" " tag="653">
      <marc:subfield code="a">Trauer</marc:subfield>
   </marc:datafield>
   <marc:datafield ind1=" " ind2=" " tag="653">
      <marc:subfield code="a">Computerspiel</marc:subfield>
   </marc:datafield>
   <marc:datafield ind1=" " ind2=" " tag="653">
      <marc:subfield code="a">Prader-Willi-Syndrom</marc:subfield>
   </marc:datafield>
   <marc:datafield ind1="0" ind2="0" tag="245">
      <marc:subfield code="a">Heilpädagogik; 2014/1/2014</marc:subfield>
   </marc:datafield>
   <marc:datafield ind1="0" ind2="0" tag="245">
      <marc:subfield code="b">Fachzeitschrift der Heilpädagogischen Gesellschaft Österreich</marc:subfield>
   </marc:datafield>
   <marc:datafield ind1=" " ind2="1" tag="264">
      <marc:subfield code="b">Kaiser</marc:subfield>
      <marc:subfield code="c">2014</marc:subfield>
   </marc:datafield>
   <marc:datafield ind1="1" ind2=" " tag="490">
      <marc:subfield code="a">Heilpädagogik</marc:subfield>
   </marc:datafield>
   <marc:datafield ind1="1" ind2=" " tag="520">
      <marc:subfield code="a">Dr. Erwin Schmuttermeier + - zur Erinnerung (Dr. Ernst Tatzer)
20. Heilpädagogischer Kongress 2014: Thema: Förderung UP-TO-DATE 16.-17. Mai 2014 in Graz (Alexandra Knudson)
Wenn Hunger weh tut ... Das Prader-Willi-Syndorm (Dr. Sabine Höflich)
Die Stille als heilpädagogisches Element (Mag. Roswitha Lebzelter, Dipl.-Päd. Lorena Thür)
W(eh)O(h)W(eh) - Exzessives Computerspielen bei Kindern und Jugendlichen (Mag. Gerhard Hintenberger)
Sterben, Tod und Trauer im Leben von Kindern und Jugendlichen aus Sicht der existenziellen Pädagogik - Teil 1 (Wolfgang Sieberer)</marc:subfield>
   </marc:datafield>
</marc:record>
